00253nam a2200097Ia 4500008004100000082001200041100001600053245006400069260000900133300001300142190415s9999 xx 000 0 und d aRG.006; aGhosh, M.G. 0aUtilisation of vested land in West Bengal, Bihar and Orissa c1980 avii,90p.